Ars mechanicae (Record no. 179723)

MARC details
000 -LEADER
campo de control de longitud fija 01178nam a2200277 i 4500
001 - NÚMERO DE CONTROL
campo de control 179723
003 - IDENTIFICADOR DE NÚMERO DE CONTROL
campo de control ES-MaACL
005 - FECHA Y HORA DE LA ÚLTIMA TRANSACCIÓN
campo de control 20250902232514.0
008 - DATOS DE LONGITUD FIJA--INFORMACIÓN GENERAL
campo de control de longitud fija 120112s2008 sp abo |||| | spa d
020 ## - NÚMERO INTERNACIONAL ESTÁNDAR DEL LIBRO
Número Internacional Estándar del Libro 978-84-7790-470-0 (Ministerio de Fomento)
020 ## - NÚMERO INTERNACIONAL ESTÁNDAR DEL LIBRO
Número Internacional Estándar del Libro 978-84-920755-5-3 (Fundación Juanelo Turriano)
080 ## - NÚMERO DE LA CLASIFICACIÓN DECIMAL UNIVERSAL
Número de la Clasificación Decimal Universal 62/69(460)"10/14"(060.64)
245 00 - MENCIÓN DEL TÍTULO
Título Ars mechanicae
Resto del título : ingeniería medieval en España : [Pabellón Villanueva, Real Jardín Botánico de Madrid /
Mención de responsabilidad, etc. textos, Ricardo Córdoba de la Llave ... et al.].
260 ## - PUBLICACIÓN, DISTRIBUCIÓN, ETC.
Lugar de publicación, distribución, etc. [Madrid] :
Nombre del editor, distribuidor, etc. CEHOPU :
-- Fundación Juanelo Turriano,
Fecha de publicación, distribución, etc. [2008]
300 ## - DESCRIPCIÓN FÍSICA
Extensión 297 p. :
Otras características físicas il. col. y n., fot., mapas ;
Dimensiones 30 cm.
500 ## - NOTA GENERAL
Nota general Glosarios.
504 ## - NOTA DE BIBLIOGRAFÍA, ETC.
Nota de bibliografía, etc. Bibliografía: p. 259-269.
650 #7 - PUNTO DE ACCESO ADICIONAL DE MATERIA--TÉRMINO DE MATERIA
Término de materia o nombre geográfico como elemento de entrada Ingeniería-
Subdivisión geográfica España-
Subdivisión de forma Exposiciones
Fuente del encabezamiento o término
9 (RLIN) 149039
700 1# - ENTRADA AGREGADA--NOMBRE PERSONAL
Nombre de persona Córdoba de la Llave, Ricardo.
9 (RLIN) 40549
710 2# - ENTRADA AGREGADA--NOMBRE DE ENTIDAD CORPORATIVA
Nombre de entidad corporativa o nombre de jurisdicción como elemento de entrada Real Jardín Botánico.
9 (RLIN) 6359
710 2# - ENTRADA AGREGADA--NOMBRE DE ENTIDAD CORPORATIVA
Nombre de entidad corporativa o nombre de jurisdicción como elemento de entrada Fundación Juanelo Turriano.
9 (RLIN) 4352
852 ## - LOCALIZACIÓN
Ubicación ES-MaACL
Número de control de estantería A-11850
itemnumber 186622
Sublocalización o colección R.148505
Ubicación en estantería Depósito 1
Signatura antigua Olim: N-4855
Encuadernación Donación: Fundación Juanelo Turriano
914 ## - NOMBRE ENTIDAD DE DONANTE
RLIN 4352
Nombre de congreso/reunión o jurisdicción como elemento de entrada Fundación Juanelo Turriano
Unidad subordinada Donante
942 ## - ELEMENTOS DE ENTRADA SECUNDARIOS (KOHA)
Fuente del sistema de clasificación o colocación Clasificación decimal universal
Tipo de ítem Koha Libro impreso
Holdings
Estatus retirado Estado de pérdida Fuente del sistema de clasificación o colocación Estado de daño No para préstamo Biblioteca de origen Biblioteca actual Ubicación en estantería Fecha de adquisición Fuente de adquisición Total de préstamos Signatura topográfica completa Código de barras Visto por última vez Precio de reemplazo Tipo de ítem Koha
    Clasificación decimal universal     Biblioteca del Ateneo de Madrid Biblioteca del Ateneo de Madrid Depósito 1 12/01/2012 Donación   A-11850 1188802 23/02/2023 23/02/2023 Libro impreso